| 000 | 01031cam a22002411 4500 | ||
|---|---|---|---|
| 001 | sa 68004589 | ||
| 003 | DLC | ||
| 005 | 20260227112502.0 | ||
| 008 | 711108s1961 ii 000 0 eng | ||
| 010 | _asa 68004589 | ||
| 040 |
_aDLC _cDLC _dDLC |
||
| 043 | _aa-ii--- | ||
| 050 | 0 | 0 |
_aHC437.M3 _bA546 |
| 110 | 1 |
_aMadras (India : State). _bFinance Department. |
|
| 245 | 1 | 0 | _aReview of the second five year plan. |
| 260 |
_aMadras, _bPrinted by the Controller of Stationary and Print., on behalf of the Govt. of Madras, _c1961. |
||
| 300 |
_aii, iii, 173, 764-787 p. _c34 cm. |
||
| 500 | _aCover title. | ||
| 500 | _aAt head of title: Finance (Planning and Development) Dept. | ||
| 500 | _aAppendices (P. 764-787):--I. Statement showing the appropriations made and the expenditure incurred on schemes included in the second five-year plan, 1956-61.--II. Abstract of the Madras State second five-year plan. | ||
| 651 | 0 |
_aTamil Nadu (India) _xEconomic policy. |
|
| 651 | 0 |
_aTamil Nadu (India) _xAppropriations and expenditures. |
|
| 999 |
_c80217 _d80217 |
||